000 00987nam a2200277 a 4500
001 000004461
005 20200929151438.0
008 090723s2008 dr a 000 0 spa d
020 _z9789945853247
040 _aDO-SdBNP
_bspa
_cBNPHU
082 _a306.74
_bF316h, 2008
100 1 _aFélix Díaz, Regina
_912370
245 1 0 _aHijas de la gran puta :
_binvestigación sobre la trata de personas /
_cRegina Félix Díaz.
250 _a2a. ed.
260 _aSanto Domingo :
_bCopy full,
_c2008.
300 _a273 p. :
_bil. ;
_c21 cm.
504 _aBibliografía : p. 249-253.
590 _aInventariado,2018/DG
650 4 _aProstitución
_xHistoria
_912371
650 4 _aProstitución infantil
_912372
650 4 _aProstitución juvenil
_912373
650 4 _aMujeres
_xCuestiones sociales y morales
_911704
650 4 _aDerechos humanos
_zRepública Dominicana
_912374
651 4 _aRepública Dominicana
_xCondiciones Sociales
_946
910 _aValidado. Control de calidad MMOLINA
999 _c4270
_d4270